<?xml version="1.0" encoding="UTF-8"?>
<record
    xmlns:xsi="http://www.w3.org/2001/XMLSchema-instance"
    xsi:schemaLocation="http://www.loc.gov/MARC21/slim http://www.loc.gov/standards/marcxml/schema/MARC21slim.xsd"
    xmlns="http://www.loc.gov/MARC21/slim">

  <leader>01144nam a22002777a 4500</leader>
  <controlfield tag="005">20240530110950.0</controlfield>
  <controlfield tag="008">160720s2008    ua a   f      000 0 ara d</controlfield>
  <datafield tag="020" ind1=" " ind2=" ">
    <subfield code="a">977408828x</subfield>
  </datafield>
  <datafield tag="040" ind1=" " ind2=" ">
    <subfield code="a">EG-CaGPL</subfield>
  </datafield>
  <datafield tag="082" ind1="0" ind2="4">
    <subfield code="2">21</subfield>
    <subfield code="a">651.75 \</subfield>
    <subfield code="b">&#x628; &#x645;</subfield>
  </datafield>
  <datafield tag="100" ind1=" " ind2=" ">
    <subfield code="a">&#x628;&#x644;&#x627;&#x649; &#x61B; &#x631;&#x648;&#x628;&#x631;&#x62A;</subfield>
  </datafield>
  <datafield tag="245" ind1="1" ind2="2">
    <subfield code="a">&#x627;&#x644;&#x645;&#x648;&#x633;&#x648;&#x639;&#x629; &#x627;&#x644;&#x634;&#x627;&#x645;&#x644;&#x629; &#x644;&#x643;&#x62A;&#x627;&#x628;&#x629; &#x62E;&#x637;&#x627;&#x628;&#x627;&#x62A; &#x627;&#x644;&#x639;&#x645;&#x644; &#x648;&#x627;&#x644;&#x641;&#x627;&#x643;&#x633;&#x627;&#x62A; &#x648;&#x631;&#x633;&#x627;&#x626;&#x644; &#x627;&#x644;&#x628;&#x631;&#x64A;&#x62F; &#x627;&#x644;&#x627;&#x644;&#x64A;&#x643;&#x62A;&#x631;&#x648;&#x646;&#x649;  /</subfield>
    <subfield code="c">&#x62A;&#x627;&#x644;&#x64A;&#x641; &#x628;&#x644;&#x627;&#x649; &#x61B; &#x631;&#x648;&#x628;&#x631;&#x62A; &#x61B; &#x645;&#x62A;&#x631;&#x62C;&#x645; &#x62E;&#x627;&#x644;&#x62F; &#x627;&#x644;&#x639;&#x627;&#x645;&#x631;&#x649; </subfield>
  </datafield>
  <datafield tag="250" ind1=" " ind2=" ">
    <subfield code="a">&#x627;&#x644;&#x637;&#x628;&#x639;&#x629; &#x627;&#x644;&#x627;&#x648;&#x644;&#x649;</subfield>
  </datafield>
  <datafield tag="260" ind1=" " ind2=" ">
    <subfield code="a">&#x627;&#x644;&#x642;&#x627;&#x647;&#x631;&#x629; : </subfield>
    <subfield code="b">&#x62F;&#x627;&#x631; &#x627;&#x644;&#x641;&#x627;&#x631;&#x648;&#x642; &#x644;&#x644;&#x627;&#x633;&#x62A;&#x62B;&#x645;&#x627;&#x631;&#x627;&#x62A; &#x627;&#x644;&#x62B;&#x642;&#x627;&#x641;&#x64A;&#x629;&#x60C; </subfield>
    <subfield code="c">2008</subfield>
  </datafield>
  <datafield tag="300" ind1=" " ind2=" ">
    <subfield code="a">400 &#x635; &#x61B;</subfield>
    <subfield code="c">24 &#x633;&#x645; .</subfield>
  </datafield>
  <datafield tag="650" ind1="0" ind2="4">
    <subfield code="a">&#x643;&#x62A;&#x627;&#x628;&#x629; &#x627;&#x644;&#x62A;&#x642;&#x627;&#x631;&#x64A;&#x631;</subfield>
  </datafield>
  <datafield tag="650" ind1="0" ind2="4">
    <subfield code="a">&#x627;&#x644;&#x639;&#x631;&#x648;&#x636; &#x627;&#x644;&#x62A;&#x631;&#x648;&#x64A;&#x62C;&#x64A;&#x629;</subfield>
  </datafield>
  <datafield tag="650" ind1="0" ind2="4">
    <subfield code="a">&#x62E;&#x637;&#x627;&#x628;&#x627;&#x62A; &#x627;&#x644;&#x639;&#x645;&#x644; </subfield>
  </datafield>
  <datafield tag="650" ind1="0" ind2="4">
    <subfield code="a">&#x627;&#x644;&#x628;&#x631;&#x64A;&#x62F; &#x627;&#x644;&#x627;&#x644;&#x643;&#x62A;&#x631;&#x648;&#x646;&#x649; </subfield>
  </datafield>
  <datafield tag="650" ind1="0" ind2="4">
    <subfield code="a">&#x627;&#x644;&#x633;&#x64A;&#x631;&#x629; &#x627;&#x644;&#x630;&#x627;&#x62A;&#x64A;&#x629;</subfield>
  </datafield>
  <datafield tag="650" ind1="0" ind2="4">
    <subfield code="a">&#x62E;&#x637;&#x627;&#x628;&#x627;&#x62A; &#x627;&#x644;&#x634;&#x643;&#x627;&#x648;&#x649;</subfield>
  </datafield>
  <datafield tag="650" ind1="0" ind2="4">
    <subfield code="a">&#x62E;&#x637;&#x627;&#x628;&#x627;&#x62A; &#x627;&#x644;&#x62A;&#x633;&#x648;&#x64A;&#x642; &#x627;&#x644;&#x645;&#x628;&#x627;&#x634;&#x631; </subfield>
  </datafield>
  <datafield tag="700" ind1=" " ind2=" ">
    <subfield code="a">&#x62E;&#x627;&#x644;&#x62F; &#x627;&#x644;&#x639;&#x627;&#x645;&#x631;&#x649; </subfield>
    <subfield code="e">&#x645;&#x62A;&#x631;&#x62C;&#x645;</subfield>
  </datafield>
  <datafield tag="942" ind1=" " ind2=" ">
    <subfield code="2">ddc</subfield>
    <subfield code="c">BK</subfield>
  </datafield>
  <datafield tag="999" ind1=" " ind2=" ">
    <subfield code="c">66983</subfield>
    <subfield code="d">66983</subfield>
  </datafield>
  <datafield tag="952" ind1=" " ind2=" ">
    <subfield code="0">0</subfield>
    <subfield code="1">0</subfield>
    <subfield code="4">0</subfield>
    <subfield code="7">0</subfield>
    <subfield code="a">CAI</subfield>
    <subfield code="b">CAI</subfield>
    <subfield code="c">&#x627;&#x644;&#x625;&#x62F;&#x627;&#x631;&#x629;-&#x639;&#x631;&#x628;&#x649;</subfield>
    <subfield code="d">2022-12-12</subfield>
    <subfield code="l">0</subfield>
    <subfield code="o">651.75 \ &#x628; &#x645;</subfield>
    <subfield code="p">168998</subfield>
    <subfield code="r">2022-12-12 00:00:00</subfield>
    <subfield code="w">2022-12-12</subfield>
    <subfield code="y">BK</subfield>
  </datafield>
</record>
